000 01011nam a22003257a 4500
003 CHAP
005 20220329141636.0
008 971013s1976 r 00010 d
010 _a71511
011 _a72483
035 _a82038
040 _cCHAP
090 _aFolleto 4005
100 0 0 _aAguayo Aguilar, A.
_92609
245 _aAvances en praderas irrigadas
260 _aHermosillo, Son. :
_bCentro de Investigaciones Pecuarias del Estado de Sonora,
_c1976
300 _a6 p.
590 _aBATCH-UPD
_b10
_c20130110
_lUCH01
_h0454
590 _aBATCH-UPD
_b10
_c20130110
_lUCH01
_h2303
590 _aBATCH-UPD
_b10
_c20130410
_lUCH01
_h0132
590 _aBATCH-UPD
_b10
_c20130913
_lUCH01
_h2310
590 _aCONVERSION
_b10
_c20130109
_lUCH01
_h1339
650 1 4 _aCarne
_xProducción.
_919109
650 1 4 _aLolium perenne.
_967505
650 1 4 _aPraderas.
_991230
700 0 _aSacledo Martínez, E.
_9101141
901 _aBK
942 _cFOLL
949 _aFolleto 4005
_bBC
_cFOLL
_d-35845
_eTS1
_i82038
_mD.
_si
999 _c71511
_d71511